| 000 | 00601nam a2200217Ia 4500 | ||
|---|---|---|---|
| 003 | OSt | ||
| 005 | 20230427154913.0 | ||
| 008 | 210423s2008 xx 000 0 und d | ||
| 020 | _a9788120329638 | ||
| 040 | _cAL | ||
| 041 | _aeng | ||
| 082 |
_a332.632 _223 _bPANS |
||
| 100 |
_aPANDIAN (Punithavathy) _982335 |
||
| 245 | _aSecurity analysis and portfolio management | ||
| 260 |
_aNew Delhi _bVikas Publications _c2008 |
||
| 300 |
_axvii,464 _bPB |
||
| 365 |
_b275 _cINR |
||
| 650 |
_aInvestment Management _982336 |
||
| 906 | _aanalysis ; management ; portfolio ; Security | ||
| 942 |
_2ddc _cBK |
||
| 999 |
_c156822 _d156822 |
||